[Event "Greek Team Championship"]
[Site "chess24.com"]
[Date "2017.07.07"]
[Round "6"]
[White "Baldauf, Marco"]
[Black "Georgiev, Kiril"]
[Result "1/2-1/2"]
[Board "1"]
[WhiteElo "2459"]
[WhiteTitle "IM"]
[WhiteCountry "GER"]
[WhiteFideId "4688210"]
[WhiteEloChange "2"]
[BlackElo "2640"]
[BlackTitle "GM"]
[BlackCountry "BUL"]
[BlackFideId "2900017"]
[BlackEloChange "-2"]

1. d4 {[%clk 1:30:58]} Nf6 {[%clk 1:30:28]} 2. c4 {[%clk 1:31:22]} e6 {[%clk
1:30:35]} 3. Nc3 {[%clk 1:31:35]} Bb4 {[%clk 1:30:37]} 4. Qc2 {[%clk 1:31:59]} d5
{[%clk 1:30:14]} 5. cxd5 {[%clk 1:31:38]} Qxd5 {[%clk 1:29:56]} 6. e3 {[%clk
1:29:30]} c5 {[%clk 1:30:10]} 7. Bd2 {[%clk 1:29:51]} Bxc3 {[%clk 1:30:08]} 8.
Bxc3 {[%clk 1:30:16]} cxd4 {[%clk 1:30:00]} 9. Bxd4 {[%clk 1:30:40]} Nc6 {[%clk
1:30:20]} 10. Bc3 {[%clk 1:31:04]} O-O {[%clk 1:26:01]} 11. Nf3 {[%clk 1:31:11]}
Rd8 {[%clk 1:25:10]} 12. Be2 {[%clk 1:30:38]} Qe4 {[%clk 1:23:05]} 13. Rc1 {[%clk
1:29:09]} Qxc2 {[%clk 1:19:32]} 14. Rxc2 {[%clk 1:29:34]} Ne4 {[%clk 1:17:49]}
15. Ne5 {[%clk 1:25:01]} Bd7 {[%clk 1:14:18]} 16. Nxc6 {[%clk 1:10:16]} Bxc6
{[%clk 1:14:35]} 17. Bd4 {[%clk 1:09:57]} f6 {[%clk 1:13:21]} 18. f3 {[%clk
0:48:50]} e5 {[%clk 1:10:50]} 19. Bc3 {[%clk 0:48:37]} Nxc3 {[%clk 1:10:17]} 20.
Rxc3 {[%clk 0:49:03]} Rac8 {[%clk 1:04:45]} 21. Bc4+ {[%clk 0:40:04]} Kf8 {[%clk
1:02:20]} 22. Ke2 {[%clk 0:40:21]} Rd6 {[%clk 0:56:13]} 23. Rd1 {[%clk 0:40:08]}
Rxd1 {[%clk 0:54:53]} 24. Kxd1 {[%clk 0:40:32]} Ke7 {[%clk 0:55:09]} 25. e4
{[%clk 0:39:24]} Rd8+ {[%clk 0:55:05]} 26. Rd3 {[%clk 0:39:09]} Rxd3+ {[%clk
0:48:27]} 27. Bxd3 {[%clk 0:39:33]} a5 {[%clk 0:47:58]} 28. Kd2 {[%clk 0:37:10]}
Kd6 {[%clk 0:47:13]} 29. Kc3 {[%clk 0:33:41]} Kc5 {[%clk 0:46:12]} 30. a3 {[%clk
0:29:42]} a4 {[%clk 0:44:46]} 31. h4 {[%clk 0:16:54]} g6 {[%clk 0:42:27]} 32. Bc4
{[%clk 0:13:14]} h6 {[%clk 0:40:53]} 33. Bf7 {[%clk 0:11:26]} g5 {[%clk 0:40:59]}
34. hxg5 {[%clk 0:11:52]} fxg5 {[%clk 0:39:58]} 35. Bh5 {[%clk 0:11:08]} Bb5
{[%clk 0:39:40]} 36. Bg6 {[%clk 0:08:02]} Bf1 {[%clk 0:38:02]} 37. g3 {[%clk
0:08:26]} Be2 {[%clk 0:37:29]} 38. Bh5 {[%clk 0:08:53]} Bb5 {[%clk 0:37:25]} 39.
Bg6 {[%clk 0:07:59]} Bc4 {[%clk 0:32:13]} 40. Be8 {[%clk 0:37:06]} Be2 {[%clk
0:54:04]} 41. Bh5 {[%clk 0:37:26]} Bb5 {[%clk 0:53:44]} 42. Bg6 {[%clk 0:37:26]}
Bc6 {[%clk 0:51:42]} 43. Bh5 {[%clk 0:37:39]} Bd7 {[%clk 0:51:58]} 44. Bg6 {[%clk
0:36:42]} b6 {[%clk 0:50:07]} 45. Bh5 {[%clk 0:35:44]} Be6 {[%clk 0:48:32]} 46.
Bg6 {[%clk 0:35:52]} Bc4 {[%clk 0:48:26]} 47. Be8 {[%clk 0:35:58]} Be2 {[%clk
0:47:57]} 48. Bh5 {[%clk 0:36:21]} Bf1 {[%clk 0:48:16]} 49. Bg4 {[%clk 0:34:06]}
Bg2 {[%clk 0:48:30]} 50. Bh5 {[%clk 0:32:58]} Bh3 {[%clk 0:47:39]} 51. Bg6 {[%clk
0:32:16]} Be6 {[%clk 0:39:23]} 52. Bh5 {[%clk 0:32:18]} Bd7 {[%clk 0:39:32]} 53.
Bg6 {[%clk 0:32:27]} g4 {[%clk 0:39:34]} 54. fxg4 {[%clk 0:31:46]} Bxg4 {[%clk
0:39:24]} 55. Kd3 {[%clk 0:25:25]} Bd7 {[%clk 0:39:44]} 56. Bh5 {[%clk 0:24:57]}
Bb5+ {[%clk 0:39:59]} 57. Kc3 {[%clk 0:25:20]} Bc4 {[%clk 0:39:59]} 58. Be8
{[%clk 0:25:33]} Bb5 {[%clk 0:38:58]} 59. Bh5 {[%clk 0:25:54]} Bc6 {[%clk
0:39:08]} 60. Bg6 {[%clk 0:25:23]} Ba8 {[%clk 0:38:12]} 61. Bf5 {[%clk 0:25:34]}
Bb7 {[%clk 0:38:21]} 62. Bg6 {[%clk 0:25:49]} Bc6 {[%clk 0:38:41]} 63. Bf5 {[%clk
0:26:08]} Bb5 {[%clk 0:38:34]} 64. Bg6 {[%clk 0:26:22]} Bf1 {[%clk 0:38:42]} 65.
Be8 {[%clk 0:26:37]} b5 {[%clk 0:39:03]} 66. Bg6 {[%clk 0:26:36]} Bc4 {[%clk
0:36:09]} 1/2-1/2

[Event "Greek Team Championship"]
[Site "chess24.com"]
[Date "2017.07.07"]
[Round "6"]
[White "Managadze, Nikoloz"]
[Black "Seyb, Alexander"]
[Result "1/2-1/2"]
[Board "2"]
[WhiteElo "2454"]
[WhiteTitle "IM"]
[WhiteCountry "GEO"]
[WhiteFideId "13600575"]
[BlackElo "2425"]
[BlackTitle "IM"]
[BlackCountry "GER"]
[BlackFideId "4699033"]

1. c4 {[%clk 1:28:49]} g6 {[%clk 1:30:50]} 2. Nc3 {[%clk 1:28:38]} c5 {[%clk
1:31:11]} 3. g3 {[%clk 1:27:02]} Bg7 {[%clk 1:31:34]} 4. Bg2 {[%clk 1:27:19]} Nc6
{[%clk 1:31:56]} 5. e3 {[%clk 1:27:39]} e6 {[%clk 1:31:16]} 6. Nge2 {[%clk
1:26:04]} Nge7 {[%clk 1:31:36]} 7. h4 {[%clk 1:14:10]} d5 {[%clk 1:02:12]} 8. h5
{[%clk 1:12:26]} O-O {[%clk 1:02:09]} 9. cxd5 {[%clk 1:03:54]} Nxd5 {[%clk
1:02:06]} 10. hxg6 {[%clk 1:01:21]} hxg6 {[%clk 1:02:27]} 11. a3 {[%clk 1:01:36]}
Nxc3 {[%clk 0:50:37]} 12. Nxc3 {[%clk 0:51:50]} Ne5 {[%clk 0:37:38]} 13. d4
{[%clk 0:45:23]} cxd4 {[%clk 0:38:06]} 14. exd4 {[%clk 0:45:48]} Nc4 {[%clk
0:36:07]} 15. Qe2 {[%clk 0:40:53]} Nb6 {[%clk 0:25:18]} 16. Bh6 {[%clk 0:39:15]}
Bxh6 {[%clk 0:23:32]} 17. Rxh6 {[%clk 0:39:37]} Qxd4 {[%clk 0:23:57]} 18. Rh4
{[%clk 0:38:23]} Qg7 {[%clk 0:21:55]} 19. O-O-O {[%clk 0:29:30]} Bd7 {[%clk
0:22:21]} 20. Rdh1 {[%clk 0:20:47]} Rac8 {[%clk 0:22:49]} 21. Kb1 {[%clk
0:21:12]} Bc6 {[%clk 0:17:52]} 22. Bxc6 {[%clk 0:17:19]} Rxc6 {[%clk 0:18:16]}
23. f4 {[%clk 0:17:45]} Rfc8 {[%clk 0:17:08]} 24. g4 {[%clk 0:06:42]} Kf8 {[%clk
0:10:00]} 25. f5 {[%clk 0:05:15]} gxf5 {[%clk 0:09:16]} 26. gxf5 {[%clk 0:05:27]}
Rxc3 {[%clk 0:07:18]} 27. bxc3 {[%clk 0:05:26]} Qxc3 {[%clk 0:07:38]} 28. Rh8+
{[%clk 0:05:23]} Ke7 {[%clk 0:08:01]} 29. Rxc8 {[%clk 0:04:29]} Qb3+ {[%clk
0:07:17]} 30. Qb2 {[%clk 0:04:52]} Qxb2+ {[%clk 0:07:41]} 31. Kxb2 {[%clk
0:05:20]} Nxc8 {[%clk 0:08:03]} 32. fxe6 {[%clk 0:05:22]} Kxe6 {[%clk 0:08:24]}
33. Kc3 {[%clk 0:05:00]} Nd6 {[%clk 0:08:42]} 34. a4 {[%clk 0:02:00]} Kd5 {[%clk
0:08:44]} 35. Kb4 {[%clk 0:01:49]} b6 {[%clk 0:08:04]} 36. Rd1+ {[%clk 0:02:16]}
Kc6 {[%clk 0:08:25]} 37. Rc1+ {[%clk 0:02:42]} Kb7 {[%clk 0:08:34]} 38. Kc3
{[%clk 0:02:24]} Ne4+ {[%clk 0:07:22]} 39. Kc4 {[%clk 0:02:36]} Nc5 {[%clk
0:06:24]} 40. a5 {[%clk 0:30:57]} Kc6 {[%clk 0:34:27]} 41. axb6 {[%clk 0:28:55]}
axb6 {[%clk 0:34:51]} 42. Rf1 {[%clk 0:24:08]} Nd7 {[%clk 0:35:06]} 43. Kd4
{[%clk 0:24:23]} f6 {[%clk 0:35:24]} 44. Ke4 {[%clk 0:24:00]} Nc5+ {[%clk
0:31:49]} 45. Kf5 {[%clk 0:21:23]} b5 {[%clk 0:32:15]} 46. Rd1 {[%clk 0:21:19]}
b4 {[%clk 0:31:30]} 47. Kxf6 {[%clk 0:21:26]} Ne4+ {[%clk 0:31:24]} 48. Ke5
{[%clk 0:21:46]} Nc3 {[%clk 0:31:50]} 49. Rd8 {[%clk 0:21:23]} Nb5 {[%clk
0:29:29]} 50. Ke4 {[%clk 0:20:26]} b3 {[%clk 0:29:31]} 51. Kd3 {[%clk 0:20:40]}
Kc5 {[%clk 0:29:19]} 52. Kd2 {[%clk 0:19:37]} Kc4 {[%clk 0:29:31]} 53. Kc1 {[%clk
0:19:27]} Nc3 {[%clk 0:25:31]} 54. Rb8 {[%clk 0:16:42]} Na4 {[%clk 0:25:48]} 55.
Kd2 {[%clk 0:15:33]} Nc5 {[%clk 0:26:10]} 56. Rh8 {[%clk 0:15:45]} Ne4+ {[%clk
0:26:18]} 57. Kc1 {[%clk 0:16:04]} Nc5 {[%clk 0:26:31]} 58. Kb2 {[%clk 0:15:12]}
Nd3+ {[%clk 0:26:57]} 59. Ka3 {[%clk 0:15:30]} Nc5 {[%clk 0:26:18]} 60. Rc8
{[%clk 0:15:08]} Kd4 {[%clk 0:26:41]} 61. Kb2 {[%clk 0:15:06]} Kc4 {[%clk
0:27:06]} 62. Ka3 {[%clk 0:14:20]} Kd4 {[%clk 0:27:33]} 63. Rh8 {[%clk 0:13:52]}
Kc3 {[%clk 0:27:52]} 64. Rc8 {[%clk 0:14:09]} 1/2-1/2

[Event "Greek Team Championship"]
[Site "chess24.com"]
[Date "2017.07.07"]
[Round "6"]
[White "Xylogiannopoulos, Antonios"]
[Black "Papadopoulos, Georgios"]
[Result "0-1"]
[Board "3"]
[WhiteElo "2265"]
[WhiteCountry "GRE"]
[WhiteFideId "4215133"]
[WhiteEloChange "-11"]
[BlackElo "2240"]
[BlackCountry "GRE"]
[BlackFideId "4210271"]
[BlackEloChange "11"]

1. e4 {[%clk 1:30:57]} e5 {[%clk 1:29:08]} 2. Nf3 {[%clk 1:30:16]} Nc6 {[%clk
1:29:29]} 3. d4 {[%clk 1:30:42]} exd4 {[%clk 1:29:48]} 4. Nxd4 {[%clk 1:31:07]}
Bc5 {[%clk 1:30:10]} 5. Nb3 {[%clk 1:30:21]} Bb6 {[%clk 1:30:33]} 6. Nc3 {[%clk
1:30:45]} Nf6 {[%clk 1:29:08]} 7. Qe2 {[%clk 1:31:02]} d6 {[%clk 1:22:37]} 8. Be3
{[%clk 1:31:16]} O-O {[%clk 1:19:37]} 9. O-O-O {[%clk 1:31:38]} Re8 {[%clk
1:11:59]} 10. f3 {[%clk 1:32:01]} Be6 {[%clk 1:06:29]} 11. g4 {[%clk 1:32:00]}
Ne5 {[%clk 1:01:34]} 12. h3 {[%clk 1:27:06]} Qe7 {[%clk 0:27:53]} 13. Kb1 {[%clk
1:21:30]} Ng6 {[%clk 0:25:27]} 14. Bxb6 {[%clk 1:05:04]} axb6 {[%clk 0:25:40]}
15. Nd4 {[%clk 1:05:17]} d5 {[%clk 0:21:13]} 16. Nxe6 {[%clk 0:42:57]} fxe6
{[%clk 0:21:04]} 17. Qf2 {[%clk 0:37:13]} Qc5 {[%clk 0:17:39]} 18. Rh2 {[%clk
0:36:54]} Qxf2 {[%clk 0:17:14]} 19. Rxf2 {[%clk 0:37:23]} Nf4 {[%clk 0:17:27]}
20. h4 {[%clk 0:36:51]} Rad8 {[%clk 0:15:08]} 21. Rfd2 {[%clk 0:33:37]} c6 {[%clk
0:14:44]} 22. Ne2 {[%clk 0:33:11]} Ng6 {[%clk 0:07:34]} 23. h5 {[%clk 0:33:14]}
Ne5 {[%clk 0:07:54]} 24. Bg2 {[%clk 0:32:48]} Ra8 {[%clk 0:06:38]} 25. exd5
{[%clk 0:31:00]} Nxd5 {[%clk 0:05:06]} 26. Bh1 {[%clk 0:22:46]} Rf8 {[%clk
0:04:08]} 27. Nd4 {[%clk 0:22:43]} Rae8 {[%clk 0:04:25]} 28. Re2 {[%clk 0:22:05]}
Nc4 {[%clk 0:04:04]} 29. Rxe6 {[%clk 0:20:54]} Rxe6 {[%clk 0:03:35]} 30. Nxe6
{[%clk 0:21:19]} Re8 {[%clk 0:03:58]} 31. Nd4 {[%clk 0:17:00]} Nf4 {[%clk
0:02:46]} 32. Nf5 {[%clk 0:07:19]} Re2 {[%clk 0:01:58]} 33. Kc1 {[%clk 0:03:15]}
Rh2 {[%clk 0:01:51]} 34. Re1 {[%clk 0:02:06]} Ne2+ {[%clk 0:01:34]} 35. Kd1
{[%clk 0:01:13]} g6 {[%clk 0:01:21]} 36. hxg6 {[%clk 0:00:46]} hxg6 {[%clk
0:01:46]} 37. Ne7+ {[%clk 0:00:56]} Kf7 {[%clk 0:02:02]} 38. b3 {[%clk 0:01:01]}
Ne3+ {[%clk 0:01:39]} 39. Kd2 {[%clk 0:01:27]} Nd4+ {[%clk 0:01:52]} 40. Kc3
{[%clk 0:30:32]} Ndxc2 {[%clk 0:32:06]} 0-1

[Event "Greek Team Championship"]
[Site "chess24.com"]
[Date "2017.07.07"]
[Round "6"]
[White "Tassopoulos, Marios"]
[Black "Mavrikakis, Georgios"]
[Result "1-0"]
[Board "4"]
[WhiteElo "2173"]
[WhiteTitle "FM"]
[WhiteCountry "GRE"]
[WhiteFideId "4206282"]
[WhiteEloChange "7"]
[BlackElo "2074"]
[BlackCountry "GRE"]
[BlackFideId "4211782"]
[BlackEloChange "-7"]

1. e4 {[%clk 1:30:04]} d5 {[%clk 1:30:46]} 2. exd5 {[%clk 1:30:12]} Qxd5 {[%clk
1:31:10]} 3. Nc3 {[%clk 1:30:16]} Qa5 {[%clk 1:31:30]} 4. d4 {[%clk 1:30:13]} Nf6
{[%clk 1:31:48]} 5. Nf3 {[%clk 1:30:15]} c6 {[%clk 1:32:08]} 6. Ne5 {[%clk
1:30:00]} Be6 {[%clk 1:32:15]} 7. Bc4 {[%clk 1:30:02]} Bxc4 {[%clk 1:32:30]} 8.
Nxc4 {[%clk 1:30:24]} Qd8 {[%clk 1:31:52]} 9. Bg5 {[%clk 1:28:52]} e6 {[%clk
1:26:52]} 10. Bxf6 {[%clk 1:28:01]} gxf6 {[%clk 1:21:27]} 11. Qf3 {[%clk
1:24:13]} Be7 {[%clk 1:07:20]} 12. O-O-O {[%clk 1:16:32]} Nd7 {[%clk 1:06:54]}
13. Qg3 {[%clk 1:03:35]} Nb6 {[%clk 0:38:09]} 14. Qg7 {[%clk 0:51:01]} Rf8 {[%clk
0:38:28]} 15. Nxb6 {[%clk 0:40:50]} axb6 {[%clk 0:36:29]} 16. Qxh7 {[%clk
0:38:04]} Bb4 {[%clk 0:31:15]} 17. Nb1 {[%clk 0:30:35]} Rxa2 {[%clk 0:31:02]} 18.
f4 {[%clk 0:19:37]} Qd5 {[%clk 0:27:41]} 19. Qd3 {[%clk 0:16:38]} f5 {[%clk
0:23:08]} 20. g3 {[%clk 0:08:08]} Ra1 {[%clk 0:22:36]} 21. c3 {[%clk 0:07:22]}
Bd6 {[%clk 0:20:46]} 22. c4 {[%clk 0:03:49]} Qa5 {[%clk 0:20:22]} 23. Rhe1 {[%clk
0:03:38]} Kd7 {[%clk 0:18:31]} 24. Qb3 {[%clk 0:02:19]} Ra8 {[%clk 0:16:11]} 25.
Kc2 {[%clk 0:01:13]} Ra4 {[%clk 0:16:36]} 26. c5 {[%clk 0:00:49]} Rb4 {[%clk
0:15:04]} 27. Qa3 {[%clk 0:00:45]} bxc5 {[%clk 0:12:20]} 28. Qxa5 {[%clk
0:01:02]} Rxa5 {[%clk 0:12:44]} 29. dxc5 {[%clk 0:01:08]} Rxc5+ {[%clk 0:13:01]}
30. Nc3 {[%clk 0:01:09]} Kc7 {[%clk 0:10:49]} 31. Rd3 {[%clk 0:01:13]} Be7 {[%clk
0:10:03]} 32. Red1 {[%clk 0:01:16]} Bf6 {[%clk 0:10:05]} 33. Rd7+ {[%clk
0:01:16]} Kb6 {[%clk 0:10:18]} 34. Rxf7 {[%clk 0:01:32]} Bxc3 {[%clk 0:09:44]}
35. bxc3 {[%clk 0:01:57]} Rbb5 {[%clk 0:07:09]} 36. h4 {[%clk 0:01:35]} Rd5
{[%clk 0:04:33]} 37. Rxd5 {[%clk 0:01:31]} Rxd5 {[%clk 0:04:58]} 38. h5 {[%clk
0:01:25]} Rd8 {[%clk 0:05:16]} 39. h6 {[%clk 0:01:35]} Re8 {[%clk 0:02:47]} 40.
Rg7 {[%clk 0:31:28]} c5 {[%clk 0:30:37]} 41. h7 {[%clk 0:29:08]} Rh8 {[%clk
0:30:50]} 42. Re7 {[%clk 0:27:51]} Kc6 {[%clk 0:20:36]} 43. Rxe6+ {[%clk
0:20:38]} Kd5 {[%clk 0:20:46]} 44. Re7 {[%clk 0:20:50]} b5 {[%clk 0:20:04]} 45.
Kd3 {[%clk 0:20:35]} Kd6 {[%clk 0:19:36]} 46. Rb7 {[%clk 0:20:02]} Kd5 {[%clk
0:19:41]} 47. Rg7 {[%clk 0:17:10]} Ke6 {[%clk 0:18:44]} 48. Ra7 {[%clk 0:15:00]}
Kd5 {[%clk 0:17:21]} 49. Rb7 {[%clk 0:14:01]} Kc6 {[%clk 0:15:41]} 50. Rf7 {[%clk
0:13:39]} Kd6 {[%clk 0:15:56]} 51. Rf6+ {[%clk 0:13:02]} Ke7 {[%clk 0:13:38]} 52.
Rxf5 {[%clk 0:12:54]} Rxh7 {[%clk 0:10:53]} 53. Rxc5 {[%clk 0:12:47]} 1-0

[Event "Greek Team Championship"]
[Site "chess24.com"]
[Date "2017.07.07"]
[Round "6"]
[White "Fragkou, Eleni"]
[Black "Stefanidi, Maria-Anna"]
[Result "1-0"]
[Board "5"]
[WhiteElo "1974"]
[WhiteCountry "GRE"]
[WhiteFideId "4221150"]
[WhiteEloChange "11"]
[BlackElo "2001"]
[BlackTitle "WFM"]
[BlackCountry "GRE"]
[BlackFideId "4207750"]
[BlackEloChange "-11"]

1. e4 {[%clk 1:30:52]} e5 {[%clk 1:30:54]} 2. Nf3 {[%clk 1:30:57]} Nc6 {[%clk
1:31:17]} 3. Bc4 {[%clk 1:30:09]} Bc5 {[%clk 1:31:40]} 4. c3 {[%clk 1:30:13]} Nf6
{[%clk 1:30:59]} 5. d4 {[%clk 1:30:22]} exd4 {[%clk 1:31:13]} 6. e5 {[%clk
1:30:25]} d5 {[%clk 1:21:04]} 7. Bb5 {[%clk 1:30:42]} Nd7 {[%clk 1:11:06]} 8.
cxd4 {[%clk 1:22:53]} Be7 {[%clk 1:10:14]} 9. Nc3 {[%clk 1:09:15]} Nb6 {[%clk
1:09:51]} 10. O-O {[%clk 1:03:50]} O-O {[%clk 1:09:51]} 11. h3 {[%clk 0:53:08]}
Bf5 {[%clk 1:09:32]} 12. Be3 {[%clk 0:42:08]} Na5 {[%clk 1:03:20]} 13. b3 {[%clk
0:38:39]} Rc8 {[%clk 1:03:18]} 14. Bd3 {[%clk 0:35:54]} Be6 {[%clk 1:02:56]} 15.
Ne2 {[%clk 0:34:37]} Qd7 {[%clk 0:56:32]} 16. Ng3 {[%clk 0:23:38]} Nc6 {[%clk
0:50:14]} 17. Qb1 {[%clk 0:12:23]} g6 {[%clk 0:49:01]} 18. Bh6 {[%clk 0:10:15]}
Rfe8 {[%clk 0:49:12]} 19. Qc1 {[%clk 0:09:47]} f5 {[%clk 0:33:16]} 20. a3 {[%clk
0:05:36]} Nd8 {[%clk 0:32:06]} 21. Bg5 {[%clk 0:04:46]} Nf7 {[%clk 0:32:23]} 22.
Bxe7 {[%clk 0:04:07]} Qxe7 {[%clk 0:32:45]} 23. b4 {[%clk 0:03:04]} Nd7 {[%clk
0:32:02]} 24. h4 {[%clk 0:03:08]} c6 {[%clk 0:30:28]} 25. Ng5 {[%clk 0:01:45]}
Nf8 {[%clk 0:29:57]} 26. Re1 {[%clk 0:01:39]} b6 {[%clk 0:29:57]} 27. Qf4 {[%clk
0:01:15]} c5 {[%clk 0:29:05]} 28. Nxf7 {[%clk 0:00:56]} Qxf7 {[%clk 0:29:24]} 29.
h5 {[%clk 0:00:45]} c4 {[%clk 0:26:24]} 30. Bc2 {[%clk 0:01:11]} Bd7 {[%clk
0:25:52]} 31. hxg6 {[%clk 0:00:58]} hxg6 {[%clk 0:26:06]} 32. Ne2 {[%clk
0:00:47]} Ne6 {[%clk 0:23:24]} 33. Qh6 {[%clk 0:00:37]} Qg7 {[%clk 0:19:52]} 34.
Qxg7+ {[%clk 0:00:37]} Kxg7 {[%clk 0:20:16]} 35. f4 {[%clk 0:00:37]} Rh8 {[%clk
0:20:04]} 36. Kf2 {[%clk 0:00:32]} Rh4 {[%clk 0:19:23]} 37. Rh1 {[%clk 0:00:34]}
Rch8 {[%clk 0:19:50]} 38. Rxh4 {[%clk 0:00:53]} Rxh4 {[%clk 0:20:15]} 39. g3
{[%clk 0:01:02]} Rh2+ {[%clk 0:20:29]} 40. Ke3 {[%clk 0:31:08]} Nc7 {[%clk
0:46:52]} 41. a4 {[%clk 0:25:17]} a6 {[%clk 0:44:25]} 42. Re1 {[%clk 0:16:42]}
Kf7 {[%clk 0:43:26]} 43. Rf1 {[%clk 0:11:58]} Ne6 {[%clk 0:37:27]} 44. Bd1 {[%clk
0:07:48]} Nd8 {[%clk 0:37:02]} 45. Nc3 {[%clk 0:06:08]} Ke6 {[%clk 0:30:00]} 46.
Bf3 {[%clk 0:05:52]} Bc6 {[%clk 0:30:24]} 47. Rf2 {[%clk 0:05:35]} Rxf2 {[%clk
0:26:15]} 48. Kxf2 {[%clk 0:06:00]} Bb7 {[%clk 0:26:41]} 49. g4 {[%clk 0:02:11]}
Nf7 {[%clk 0:21:09]} 50. gxf5+ {[%clk 0:02:13]} gxf5 {[%clk 0:21:33]} 51. Kg3
{[%clk 0:02:23]} Nh6 {[%clk 0:21:21]} 52. Kh4 {[%clk 0:02:44]} Ng8 {[%clk
0:21:45]} 53. Kg5 {[%clk 0:01:40]} Ne7 {[%clk 0:22:03]} 54. b5 {[%clk 0:01:39]}
Bc8 {[%clk 0:20:25]} 55. Bh5 {[%clk 0:00:34]} a5 {[%clk 0:14:44]} 56. Kh6 {[%clk
0:00:50]} Bb7 {[%clk 0:03:19]} 57. Kg7 {[%clk 0:01:10]} Kd7 {[%clk 0:01:35]} 58.
Bf7 {[%clk 0:00:59]} Kd8 {[%clk 0:00:40]} 59. Kf6 {[%clk 0:01:17]} Kd7 {[%clk
0:00:35]} 60. Be6+ {[%clk 0:01:21]} Ke8 {[%clk 0:00:38]} 61. Bxf5 {[%clk
0:01:16]} Nxf5 {[%clk 0:00:35]} 62. Kxf5 {[%clk 0:01:41]} Ke7 {[%clk 0:01:01]}
63. Kg6 {[%clk 0:01:47]} Kf8 {[%clk 0:01:05]} 64. f5 {[%clk 0:02:02]} 1-0

[Event "Greek Team Championship"]
[Site "chess24.com"]
[Date "2017.07.07"]
[Round "6"]
[White "Salahidou, Reveka"]
[Black "Kouta, Vasiliki"]
[Result "1-0"]
[Board "6"]
[WhiteElo "1951"]
[WhiteCountry "GRE"]
[WhiteFideId "4230612"]
[WhiteEloChange "2"]
[BlackElo "1422"]
[BlackCountry "GRE"]
[BlackFideId "4241576"]
[BlackEloChange "-2"]

1. e4 {[%clk 1:30:57]} e6 {[%clk 1:30:21]} 2. d4 {[%clk 1:31:14]} d5 {[%clk
1:30:38]} 3. Nc3 {[%clk 1:31:36]} dxe4 {[%clk 1:30:20]} 4. Nxe4 {[%clk 1:31:56]}
Nf6 {[%clk 1:30:31]} 5. Ng3 {[%clk 1:31:57]} Be7 {[%clk 1:29:11]} 6. Nf3 {[%clk
1:31:19]} O-O {[%clk 1:29:06]} 7. Bd3 {[%clk 1:30:38]} b6 {[%clk 1:28:56]} 8. O-O
{[%clk 1:29:58]} Bb7 {[%clk 1:28:38]} 9. c3 {[%clk 1:30:21]} Nbd7 {[%clk
1:28:50]} 10. Be3 {[%clk 1:18:16]} c5 {[%clk 1:27:35]} 11. Rc1 {[%clk 1:11:50]}
Rc8 {[%clk 1:22:01]} 12. Qe2 {[%clk 1:07:31]} cxd4 {[%clk 1:12:24]} 13. Nxd4
{[%clk 0:58:09]} e5 {[%clk 1:07:50]} 14. Ndf5 {[%clk 0:55:16]} e4 {[%clk
1:00:52]} 15. Bb1 {[%clk 0:51:08]} Ne5 {[%clk 1:00:33]} 16. Bd4 {[%clk 0:49:24]}
Ng6 {[%clk 0:59:16]} 17. Rfd1 {[%clk 0:29:45]} Qc7 {[%clk 0:56:11]} 18. Nxg7
{[%clk 0:28:52]} Nf4 {[%clk 0:53:34]} 19. Qe3 {[%clk 0:26:13]} Kxg7 {[%clk
0:51:14]} 20. Nf5+ {[%clk 0:26:36]} Kg8 {[%clk 0:49:52]} 21. Nxe7+ {[%clk
0:25:50]} Qxe7 {[%clk 0:49:27]} 22. Qxf4 {[%clk 0:26:15]} Rc6 {[%clk 0:48:27]}
23. Qg5+ {[%clk 0:23:24]} Kh8 {[%clk 0:48:20]} 24. Bxe4 {[%clk 0:19:57]} Qxe4
{[%clk 0:42:10]} 25. Bxf6+ {[%clk 0:20:09]} Rxf6 {[%clk 0:42:18]} 26. Qxf6+
{[%clk 0:20:35]} Kg8 {[%clk 0:42:46]} 27. Qg5+ {[%clk 0:18:29]} Kh8 {[%clk
0:42:37]} 28. Rd8 {[%clk 0:17:40]} Rxd8 {[%clk 0:41:49]} 29. Qxd8+ {[%clk
0:18:04]} Kg7 {[%clk 0:42:11]} 30. Qd4+ {[%clk 0:18:30]} 1-0

[Event "Greek Team Championship"]
[Site "chess24.com"]
[Date "2017.07.07"]
[Round "6"]
[White "Kouta, Antonia"]
[Black "Kiousi, Panagiota"]
[Result "1-0"]
[Board "7"]
[WhiteElo "1719"]
[WhiteCountry "GRE"]
[WhiteFideId "4277112"]
[WhiteEloChange "5"]
[BlackElo "1530"]
[BlackCountry "GRE"]
[BlackFideId "25803476"]
[BlackEloChange "-5"]

1. e4 {[%clk 1:30:58]} c5 {[%clk 1:30:50]} 2. Nf3 {[%clk 1:31:17]} d6 {[%clk
1:31:10]} 3. Bb5+ {[%clk 1:31:42]} Bd7 {[%clk 1:31:30]} 4. Bxd7+ {[%clk 1:32:05]}
Qxd7 {[%clk 1:31:51]} 5. c4 {[%clk 1:32:28]} e5 {[%clk 1:30:06]} 6. O-O {[%clk
1:31:32]} Nc6 {[%clk 1:29:38]} 7. d3 {[%clk 1:30:06]} Nf6 {[%clk 1:27:55]} 8. Ne1
{[%clk 1:22:24]} Be7 {[%clk 1:25:21]} 9. f4 {[%clk 1:21:25]} a6 {[%clk 1:23:38]}
10. Nc3 {[%clk 1:17:15]} Rb8 {[%clk 1:17:57]} 11. a4 {[%clk 1:14:31]} O-O {[%clk
1:16:58]} 12. Nc2 {[%clk 1:06:35]} Nd4 {[%clk 1:05:39]} 13. Ne3 {[%clk 0:56:05]}
Rfd8 {[%clk 0:55:39]} 14. a5 {[%clk 0:50:12]} Rf8 {[%clk 0:46:00]} 15. f5 {[%clk
0:45:35]} Bd8 {[%clk 0:42:28]} 16. Ncd5 {[%clk 0:42:09]} Nxd5 {[%clk 0:42:05]}
17. Nxd5 {[%clk 0:42:27]} f6 {[%clk 0:41:22]} 18. Bd2 {[%clk 0:39:47]} Rf7 {[%clk
0:30:15]} 19. Bc3 {[%clk 0:34:45]} Nc6 {[%clk 0:28:30]} 20. Qh5 {[%clk 0:30:47]}
Rf8 {[%clk 0:24:31]} 21. Rf3 {[%clk 0:27:33]} Qf7 {[%clk 0:23:41]} 22. Qh4 {[%clk
0:25:41]} Ne7 {[%clk 0:19:53]} 23. Rh3 {[%clk 0:24:13]} h6 {[%clk 0:20:02]} 24.
Bd2 {[%clk 0:20:20]} Nxd5 {[%clk 0:15:43]} 25. cxd5 {[%clk 0:19:39]} Qc7 {[%clk
0:13:35]} 26. Bxh6 {[%clk 0:18:40]} gxh6 {[%clk 0:13:51]} 27. Qxh6 {[%clk
0:18:43]} Qg7 {[%clk 0:06:47]} 28. Rg3 {[%clk 0:18:51]} Qxg3 {[%clk 0:06:48]} 29.
hxg3 {[%clk 0:19:17]} Rf7 {[%clk 0:06:18]} 30. Qg6+ {[%clk 0:18:56]} Kf8 {[%clk
0:06:10]} 31. Kf2 {[%clk 0:18:39]} Ke7 {[%clk 0:06:10]} 32. g4 {[%clk 0:17:32]}
Bc7 {[%clk 0:05:54]} 33. Rh1 {[%clk 0:17:05]} Bxa5 {[%clk 0:05:58]} 34. g5 {[%clk
0:17:25]} Rbf8 {[%clk 0:05:44]} 35. Rh7 {[%clk 0:14:34]} Rxh7 {[%clk 0:05:30]}
36. Qxh7+ {[%clk 0:14:39]} Rf7 {[%clk 0:05:43]} 37. gxf6+ {[%clk 0:14:50]} Kxf6
{[%clk 0:05:38]} 38. Qg6+ {[%clk 0:15:10]} Ke7 {[%clk 0:05:52]} 39. Qe6+ {[%clk
0:15:32]} Kf8 {[%clk 0:06:01]} 40. Qxd6+ {[%clk 0:45:25]} 1-0